000 00806nam a2200241Ia 4500
003 OSt
005 20220923220922.0
006 a|||||r|||| 00| 0
007 ta
008 220922b |||||||| |||| 00| 0 hin d
024 _a192,234
037 _cTextual
040 _aARTS
_cARTS
_bhin
041 _2hin
_ahin
082 _aT.30W:5, 152L3
100 _aत्यागी, गुरूसरनदास
245 0 _aनागरिक शास्त्र का शिक्षण
246 _aNāgarik shāstra kā shikṣhaṇa
250 _aसंस्क0 5
260 _aआगरा
_b विनोद पुस्तक मन्दिर
_c1973
942 _hT.30W:5, 152L3
_cTEXL
_2CC
999 _c344856
_d344856